Beruhigung und Pflicht für den an unserm leidenden Heilande zweifelnden Christen: Eine Predigt am zweyten Ostertage 1822, in der Kirche zu St. Thomä gehalten

Saved in:  
Bibliographic Details
Main Author: Krafft, Carl Wilhelm 1792-1854 (Author)
Format: Print Book
Language:German
Subito Delivery Service: Order now.
Check availability: HBZ Gateway
WorldCat: WorldCat
Interlibrary Loan:Interlibrary Loan for the Fachinformationsdienste (Specialized Information Services in Germany)
Published: Straßburg Selbstverl. [ca. 1822]
Straßburg Treuttel & Würtz Pfähler [ca. 1822]
In:Year: 1822
IxTheo Classification:RE Homiletics
Sammlungen:

MARC

LEADER 00000cam a2200000 c 4500
001 341679429
003 DE-627
005 20230801142259.0
007 tu
008 020206s1822 fr ||||| 00| ||ger c
035 |a (DE-627)341679429 
035 |a (DE-576)9341679427 
035 |a (DE-599)GBV341679429 
035 |a (OCoLC)248704077 
040 |a DE-627  |b ger  |c DE-627  |e rakwb 
041 |a ger 
044 |c XA-FR 
100 1 |0 (DE-588)1026636221  |0 (DE-627)726906549  |0 (DE-576)371925932  |4 aut  |a Krafft, Carl Wilhelm  |d 1792-1854 
109 |a Krafft, Carl Wilhelm 1792-1854  |a Krafft, C. W. 1792-1854  |a Krafft, Charles Guillaume 1792-1854  |a Krafft, C.W. 1792-1854  |a Krafft, C. G. 1792-1854  |a Krafft, Charles-Guillaume 1792-1854  |a Krafft, Karl Wilhelm 1792-1854  |a Krafft, C.G. 1792-1854 
245 1 0 |a Beruhigung und Pflicht für den an unserm leidenden Heilande zweifelnden Christen  |b Eine Predigt am zweyten Ostertage 1822, in der Kirche zu St. Thomä gehalten  |c von C. W. Krafft ... 
246 3 0 |a unserem Heiland 2. zweiten 
264 1 |a Straßburg  |b Selbstverl.  |c [ca. 1822] 
264 1 |a Straßburg  |b Treuttel & Würtz  |b Pfähler  |c [ca. 1822] 
300 |a 16 S  |c 8° 
336 |a Text  |b txt  |2 rdacontent 
337 |a ohne Hilfsmittel zu benutzen  |b n  |2 rdamedia 
338 |a Band  |b nc  |2 rdacarrier 
500 |a Vorlageform der Veröffentlichungsangabe: Straßburg, zu finden bey dem Verfasser, und bey HHrn. Treuttel und Würtz, Pfähler und Comp., Buchhändlern 
601 |a Pflicht 
601 |a Predigt 
652 |a RE 
935 |a FRST  |a mteo 
951 |a BO 
ELC |b 1 
LOK |0 000 xxxxxcx a22 zn 4500 
LOK |0 001 4361928320 
LOK |0 003 DE-627 
LOK |0 004 341679429 
LOK |0 005 20240919081300 
LOK |0 008 230801||||||||||||||||ger||||||| 
LOK |0 040   |a DE-Tue135  |c DE-627  |d DE-Tue135 
LOK |0 092   |o n 
LOK |0 852   |a DE-Tue135 
LOK |0 852 1  |9 00 
LOK |0 866   |x SPQUE#Bibliothek der Franckeschen Stiftungen#SPSAM#Tholuck-Bibliothek#SPSYS#thol_systematik_XVI_B 
LOK |0 935   |a FRST  |a thol 
LOK |0 936ln  |0 1442053135  |a RE 
LOK |0 939   |a 01-08-23  |b l01 
ORI |a SA-MARC-ixtheoa001.raw